Einleitung in die Philosophie der Religión: der Begriff der Religion

Saved in:
Bibliografiske detaljer
Hovedforfatter: Hegel, Georg Wilhelm Friedrich (autor)
Format: Bog
Sprog:tysk
Udgivet: Hamburgo Felix Meiner Verlag 1993
Udgivelse:1a. ed
Serier:Vorlesungen über die Philosophie der Religión, 1
Fag:
Tags: Tilføj Tag
Ingen Tags, Vær først til at tagge denne postø!

MARC

LEADER 00000cam a2200000 a 4500
001 UCE7942
003 CL-VaPUC
008 150710e19930000gw |||||||||||||||||ger|d
020 |a 3787311165 
082 0 4 |a 147  |b HEG  |2 21 
100 |a Hegel, Georg Wilhelm Friedrich  |e autor  |9 580639 
245 1 0 |a Einleitung in die Philosophie der Religión: der Begriff der Religion 
250 |a 1a. ed 
300 |a 363 p 
942 |c BK 
945 |d 20150710 13:45:00  |a gsalatino 
260 |a Hamburgo  |b Felix Meiner Verlag  |c 1993 
650 0 |a Filosofía de la religión   |9 256017 
650 0 |a Religión   |9 255164 
650 0 |a Religión   |9 255164 
583 |a last modification  |c 20150710 13:45:00  |k Rodrigo Vera 
490 0 |a Vorlesungen über die Philosophie der Religión, 1 
999 |c 359899  |d 359897 
952 |0 0  |1 0  |3 erb  |4 0  |6 147_000000000000000_HEG_1993  |7 0  |8 A  |9 469493  |a BIBTEO  |b BIBTEO  |e Casale Rolle, Carlos Ignacio, -2014  |i 5183480  |o 147 HEG 1993  |p 5183480  |r 2025-01-17  |w 2019-11-23  |y BK  |z Catalogado en:20150710  |k ICR